MARC details
| 000 -LEADER |
| campo de control de longitud fija |
01912nim a2200421 i 4500 |
| 001 - NÚMERO DE CONTROL |
| campo de control |
197361 |
| 003 - IDENTIFICADOR DE NÚMERO DE CONTROL |
| campo de control |
ES-MaACL |
| 005 - FECHA Y HORA DE LA ÚLTIMA TRANSACCIÓN |
| campo de control |
20250828062632.0 |
| 007 - CAMPO FIJO DE DESCRIPCIÓN FÍSICA--INFORMACIÓN GENERAL |
| campo de control de longitud fija |
ss zsnzzbimuez |
| 008 - DATOS DE LONGITUD FIJA--INFORMACIÓN GENERAL |
| campo de control de longitud fija |
250430s1990 sp n || c spa |
| 035 ## - NÚMERO DE CONTROL DEL SISTEMA |
| Número de control de sistema |
(SpMaBN)a3300835 |
| 035 ## - NÚMERO DE CONTROL DEL SISTEMA |
| Número de control de sistema |
(OCoLC)431050857 |
| 040 ## - FUENTE DE CATALOGACIÓN |
| Centro catalogador/agencia de origen |
SpMaBN |
| Lengua de catalogación |
spa |
| Centro/agencia transcriptor |
SpMaBN |
| Normas de descripción |
rdc |
| 245 00 - MENCIÓN DEL TÍTULO |
| Título |
Primer encuentro de genealogistas y heraldistas |
| Medio |
[Grabación sonora] : |
| Resto del título |
conferencia / |
| Mención de responsabilidad, etc. |
coordinación por D. Fernando del Arco García |
| 260 ## - PUBLICACIÓN, DISTRIBUCIÓN, ETC. |
| Lugar de publicación, distribución, etc. |
Madrid : |
| Nombre del editor, distribuidor, etc. |
Ateneo de Madrid, |
| Fecha de publicación, distribución, etc. |
1991 |
| 300 ## - DESCRIPCIÓN FÍSICA |
| Extensión |
5 casetes (ca. 450 min) : |
| Otras características físicas |
son. ; |
| Dimensiones |
11 cm. |
| 490 1# - MENCIÓN DE SERIE |
| Materiales especificados |
Actos culturales en el Ateneo de Madrid. |
| 505 0# - NOTA DE CONTENIDO CON FORMATO |
| Nota de contenido con formato |
Cinta 1. Día 19. Inauguración de las Jornadas a las 10,30h y conferencia, 17,30h – Cinta 2. Día 19, continuación de la conferencia – Cinta 3-4. Día 20. Conferencia a las 17,00h. – Cinta 5. Día 22. Sesión de clausura. |
| 518 ## - NOTA DE FECHA/HORA Y LUGAR DE UN ACONTECIMIENTO |
| Nota de fecha/hora y lugar de un acontecimiento |
Grabado los días 19, 20 y 22 de octubre en el Ateneo de Madrid. |
| 540 ## - NOTA DE CONDICIONES DE USO Y REPRODUCCIÓN |
| Condiciones de uso y reproducción |
Documento inédito. |
| 594 ## - Nota al título y mención de responsabilidad |
| a |
Datos basados en el programa de las jornadas. |
| 610 20 - PUNTO DE ACCESO ADICIONAL DE MATERIA--NOMBRE DE ENTIDAD CORPORATIVA |
| Nombre de entidad corporativa o nombre de jurisdicción como elemento de entrada |
Ateneo de Madrid- |
| Subdivisión general |
Actos culturales- |
| Subdivisión cronológica |
1991- |
| Subdivisión de forma |
Grabaciones sonoras |
| 9 (RLIN) |
240452 |
| 650 #4 - PUNTO DE ACCESO ADICIONAL DE MATERIA--TÉRMINO DE MATERIA |
| Término de materia o nombre geográfico como elemento de entrada |
Genealogía |
| 9 (RLIN) |
13045 |
| 650 #7 - PUNTO DE ACCESO ADICIONAL DE MATERIA--TÉRMINO DE MATERIA |
| Término de materia o nombre geográfico como elemento de entrada |
Heráldica |
| 9 (RLIN) |
235652 |
| Fuente del encabezamiento o término |
embne |
| 653 ## - TÉRMINO DE INDIZACIÓN--NO CONTROLADO |
| Término no controlado |
Archivo de la palabra |
| 655 #0 - TERMINO DE INDIZACIÓN--GENERO/FORMA |
| Datos o término principal de género/forma |
Conferencias |
| 9 (RLIN) |
234444 |
| 700 1# - ENTRADA AGREGADA--NOMBRE PERSONAL |
| 9 (RLIN) |
22508 |
| Nombre de persona |
Arco y García, Fernando del, |
| Término indicativo de función/relación |
Coordinador |
| Fechas asociadas al nombre |
1923-2020 |
| 710 ## - ENTRADA AGREGADA--NOMBRE DE ENTIDAD CORPORATIVA |
| Nombre de entidad corporativa o nombre de jurisdicción como elemento de entrada |
Ateneo de Madrid |
| 9 (RLIN) |
240130 |
| Término indicativo de función/relación |
Sede |
| Unidad subordinada |
Agrupación Ateneísta de Estudios Vexilológicos, Heráldicos y Genealógicos |
| 830 #0 - PUNTO DE ACCESO ADICIONAL DE SERIE-TÍTULO UNIFORME |
| Título uniforme |
Actos culturales en el Ateneo de Madrid |
| 9 (RLIN) |
240237 |
| 852 ## - LOCALIZACIÓN |
| Ubicación |
ES-MaACL |
| Ubicación en estantería |
Depósito Z |
| Designación de la unidad física |
Cinta 1 |
| itemnumber |
205682 |
| 852 ## - LOCALIZACIÓN |
| Ubicación |
ES-MaACL |
| Ubicación en estantería |
Depósito Z |
| Designación de la unidad física |
Cinta 2 |
| itemnumber |
205683 |
| 852 ## - LOCALIZACIÓN |
| Ubicación |
ES-MaACL |
| Ubicación en estantería |
Depósito Z |
| Designación de la unidad física |
Cinta 3 |
| itemnumber |
205684 |
| 852 ## - LOCALIZACIÓN |
| Ubicación |
ES-MaACL |
| Ubicación en estantería |
Depósito Z |
| Designación de la unidad física |
Cinta 4 |
| itemnumber |
205685 |
| 852 ## - LOCALIZACIÓN |
| Ubicación |
ES-MaACL |
| Ubicación en estantería |
Depósito Z |
| Designación de la unidad física |
Cinta 5 |
| itemnumber |
205687 |
| 942 ## - ELEMENTOS DE ENTRADA SECUNDARIOS (KOHA) |
| Fuente del sistema de clasificación o colocación |
Clasificación decimal universal |
| Tipo de ítem Koha |
Casete |
| Suprimir en OPAC |
No |